[Event "V Memorial Alvise Zichichi"]
[Site "Ladispoli ITA"]
[Date "2008.05.02"]
[Round "3"]
[White "Marta, Daniele"]
[Black "Leonetti, Pietro"]
[Result "1-0"]
[WhiteElo "2028"]
[BlackElo "1575"]
[PlyCount "49"]
[EventDate "2008.05.01"]

1. e4 c6 2. Nc3 g6 3. f4 Bg7 4. Nf3 d6 5. Bc4 b5 6. Bb3 Nd7 7. d4 Qb6 8. Be3 e5
9. Qd2 Qc7 10. fxe5 dxe5 11. Ng5 Nh6 12. Ne6 fxe6 13. Bxh6 Bxh6 14. Qxh6 Nf8
15. O-O-O Bb7 16. Qg5 Qe7 17. Qxe5 Rg8 18. Rhf1 a5 19. a4 b4 20. Nb1 Rc8 21.
Nd2 c5 22. Nc4 Rd8 23. dxc5 Rxd1+ 24. Kxd1 Qd7+ 25. Nd6+ 1-0

[Event "V Memorial Alvise Zichichi"]
[Site "Ladispoli ITA"]
[Date "2008.05.02"]
[Round "3"]
[White "Masciolini, Giovanni"]
[Black "Gasperoni, Claudio"]
[Result "0-1"]
[WhiteElo "1685"]
[BlackElo "1845"]
[PlyCount "52"]
[EventDate "2008.05.01"]

1. d4 d5 2. c4 e6 3. Nc3 c5 4. cxd5 exd5 5. Nf3 Nc6 6. Bf4 Nf6 7. h3 Be7 8. e3
O-O 9. Be2 h6 10. O-O Be6 11. dxc5 Bxc5 12. a3 a6 13. Rc1 Ba7 14. Na4 Ne4 15.
Bxa6 bxa6 16. Rxc6 g5 17. Bc7 Qd7 18. Ne5 Qe7 19. Bd6 Nxd6 20. Rxa6 Ne4 21. Nc6
Qb7 22. Rxa7 Rxa7 23. Nxa7 Qxa7 24. Qd4 Ra8 25. b3 Qxd4 26. exd4 Nd2 0-1

[Event "V Memorial Alvise Zichichi"]
[Site "Ladispoli ITA"]
[Date "2008.05.02"]
[Round "3"]
[White "Melega, Michele"]
[Black "Mari, Tommaso"]
[Result "0-1"]
[WhiteElo "1428"]
[BlackElo "1828"]
[PlyCount "55"]
[EventDate "2008.05.01"]

1. e4 e5 2. Nf3 Nc6 3. d4 exd4 4. Nxd4 d6 5. Nc3 Nf6 6. Bc4 Ne5 7. Bb3 Be7 8.
h3 O-O 9. Be3 a5 10. a4 Bd7 11. Qd2 Nc6 12. Nxc6 Bxc6 13. f3 Nd7 14. O-O-O Rb8
15. Nd5 b6 16. Nxe7+ Qxe7 17. Qc3 Nc5 18. Bxc5 bxc5 19. Rhe1 Rb4 20. h4 Rfb8
21. e5 d5 22. Bxd5 Bxd5 23. Rxd5 Rxb2 24. Rxc5 Qxh4 25. Rb5 R8xb5 26. axb5 Rxb5
27. Qd2 Qe7 28. Rd1 0-1

[Event "V Memorial Alvise Zichichi"]
[Site "Ladispoli ITA"]
[Date "2008.05.02"]
[Round "3"]
[White "Migliozzi, Giuseppe"]
[Black "Bruno, Antonino"]
[Result "1-0"]
[WhiteElo "1407"]
[BlackElo "1551"]
[PlyCount "67"]
[EventDate "2008.05.01"]

1. Nf3 c5 2. c4 g6 3. Nc3 Bg7 4. b3 Nf6 5. Bb2 d6 6. e3 Nc6 7. Nd5 O-O 8. Nxf6+
exf6 9. g3 Bg4 10. Bg2 Ne5 11. d3 Re8 12. O-O Rb8 13. d4 Nxf3+ 14. Bxf3 Bxf3
15. Qxf3 f5 16. Rfd1 b6 17. Rd2 b5 18. cxb5 Qa5 19. Qe2 Rxb5 20. dxc5 Bxb2 21.
Rxb2 dxc5 22. Rd1 Rbb8 23. Rd5 Red8 24. Rbd2 Rxd5 25. Rxd5 Qb6 26. Qc4 Rc8 27.
Rd7 Rf8 28. Qd5 Qa5 29. a4 h5 30. h4 a6 31. Rd6 Kh7 32. Rc6 Rd8 33. Qxf7+ Kh8
34. Qf6+ 1-0

[Event "V Memorial Alvise Zichichi"]
[Site "Ladispoli ITA"]
[Date "2008.05.02"]
[Round "3"]
[White "Parrini, Daniele"]
[Black "Proia, Gaetano"]
[Result "1/2-1/2"]
[WhiteElo "2054"]
[BlackElo "2026"]
[PlyCount "88"]
[EventDate "2008.05.01"]

1. e4 e5 2. Nf3 Nc6 3. d4 exd4 4. Nxd4 Nf6 5. Nxc6 bxc6 6. e5 Qe7 7. Qe2 Nd5 8.
c4 Nb6 9. Nc3 Bb7 10. h4 Qe6 11. Bd2 O-O-O 12. g3 Kb8 13. O-O-O d5 14. exd6
cxd6 15. c5 Nd5 16. Qxe6 fxe6 17. cxd6 Bxd6 18. Ne4 Bc7 19. Nc5 Bc8 20. Ba6
Rde8 21. Bxc8 Kxc8 22. f4 e5 23. f5 e4 24. Be1 Ne3 25. Ne6 Nxd1 26. Kxd1 Be5
27. Bc3 Bxc3 28. bxc3 g6 29. Nd4 Rd8 30. Kc2 c5 31. Ne6 gxf5 32. Nxd8 Rxd8 33.
Rf1 Rd5 34. c4 Re5 35. Kd2 e3+ 36. Ke2 Kd7 37. Rb1 h5 38. Rb7+ Kd6 39. Rxa7 Re4
40. Rh7 f4 41. gxf4 Rxf4 42. Rxh5 Rxc4 43. Kxe3 Ra4 44. Kd3 Rxa2 1/2-1/2

[Event "V Memorial Alvise Zichichi"]
[Site "Ladispoli ITA"]
[Date "2008.05.02"]
[Round "3"]
[White "Placchetta, Omero"]
[Black "Sarti, Emanuele"]
[Result "0-1"]
[WhiteElo "1622"]
[BlackElo "1419"]
[PlyCount "92"]
[EventDate "2008.05.01"]

1. e4 d5 2. exd5 Nf6 3. d4 Nxd5 4. c4 Nf6 5. Nf3 Bg4 6. Nc3 Bxf3 7. gxf3 e6 8.
c5 a6 9. Ne4 Nc6 10. Bg5 Qxd4 11. Nxf6+ gxf6 12. Qxd4 Nxd4 13. Bxf6 Nc2+ 14.
Kd1 Nxa1 15. Bxh8 O-O-O+ 16. Ke2 Bxc5 17. Bc3 Nc2 18. Bg2 Nb4 19. Bxb4 Bxb4 20.
Rd1 Rg8 21. Kf1 Bd6 22. h3 f5 23. b3 h5 24. Rd4 f4 25. h4 e5 26. Re4 Re8 27.
Bh3+ Kb8 28. Bf5 c5 29. Bg6 Rh8 30. Re1 Kc7 31. Ke2 Kd7 32. Rd1 Ke6 33. Be4 b6
34. Rg1 Be7 35. Rg6+ Bf6 36. Bd5+ Ke7 37. a4 a5 38. Kd3 Bxh4 39. Rxb6 Bxf2 40.
Re6+ Kf8 41. Rxe5 Be3 42. Bc6 Kg7 43. Kc4 h4 44. Be4 h3 45. Rg5+ Kf6 46. Rf5+
Ke6 0-1

[Event "V Memorial Alvise Zichichi"]
[Site "Ladispoli ITA"]
[Date "2008.05.02"]
[Round "3"]
[White "Trebeschi, Andrea"]
[Black "Urzi', Silvio"]
[Result "1-0"]
[WhiteElo "2068"]
[BlackElo "1788"]
[PlyCount "99"]
[EventDate "2008.05.01"]

1. e4 e6 2. d3 d5 3. Nd2 c5 4. Ngf3 Nc6 5. g3 d4 6. Bg2 e5 7. O-O Nge7 8. Nc4
Ng6 9. a4 h5 10. h3 Be7 11. Ne1 Be6 12. f4 exf4 13. gxf4 Nh4 14. f5 Bxc4 15.
dxc4 Nxg2 16. Kxg2 Ne5 17. b3 Bg5 18. Nf3 Bxc1 19. Qxc1 Nxf3 20. Rxf3 Qd6 21.
Qg5 Qe5 22. Re1 h4 23. Qf4 Qxf4 24. Rxf4 Rd8 25. e5 d3 26. cxd3 Rxd3 27. Rf3
Rxf3 28. Kxf3 Rh5 29. Kg4 g6 30. Rf1 Rxf5 31. Rxf5 gxf5+ 32. Kxh4 Ke7 33. Kg5
Ke6 34. Kf4 f6 35. exf6 Kxf6 36. a5 a6 37. h4 Kg6 38. h5+ Kf6 39. h6 Kg6 40. h7
Kxh7 41. Kxf5 Kg7 42. Ke6 Kf8 43. Kd7 Kf7 44. Kc7 Ke7 45. Kxb7 Kd7 46. Kxa6 Kc6
47. Ka7 Kc7 48. a6 Kc6 49. Kb8 Kb6 50. a7 1-0

[Event "V Memorial Alvise Zichichi"]
[Site "Ladispoli ITA"]
[Date "2008.05.02"]
[Round "3"]
[White "Vuelban, Virgilio"]
[Black "Palermo, Stefano"]
[Result "1-0"]
[WhiteElo "2270"]
[BlackElo "2079"]
[PlyCount "107"]
[EventDate "2008.05.01"]

1. d4 Nf6 2. c4 c5 3. d5 b5 4. cxb5 a6 5. b6 Qxb6 6. Nc3 g6 7. e4 d6 8. Nf3 Bg4
9. Qa4+ Bd7 10. Qc2 Bg7 11. Nd2 Bb5 12. Qb3 Nbd7 13. Bxb5 axb5 14. Qxb5 Qxb5
15. Nxb5 O-O 16. f3 Rfb8 17. Nc3 Ne5 18. Ke2 Rb4 19. Rb1 Nc4 20. Nxc4 Rxc4 21.
Bd2 Nd7 22. a3 f5 23. exf5 gxf5 24. Rhd1 Rb8 25. Kd3 Rh4 26. h3 Nb6 27. Be3 Nc4
28. Bf2 Rf4 29. Kc2 Bd4 30. Ne2 Bxf2 31. Nxf4 Ne3+ 32. Kd2 Nxd1 33. Kxd1 Kf7
34. Kc2 Kf6 35. b3 Be3 36. Nd3 Ra8 37. Re1 Bd4 38. a4 c4 39. bxc4 Rxa4 40. Kb3
Ra8 41. Re6+ Kf7 42. Re2 Rb8+ 43. Ka4 Ra8+ 44. Kb5 Rb8+ 45. Kc6 Rb6+ 46. Kc7
Rb3 47. Nf4 Rc3 48. Kd7 Bf6 49. Nh5 Bg5 50. f4 Bh6 51. Rxe7+ Kg6 52. g4 fxg4
53. hxg4 Rxc4 54. Re6+ 1-0

[Event "V Memorial Alvise Zichichi"]
[Site "Ladispoli ITA"]
[Date "2008.05.02"]
[Round "4"]
[White "Aleksic, Nenad"]
[Black "Trebeschi, Andrea"]
[Result "1-0"]
[WhiteElo "2370"]
[BlackElo "2068"]
[PlyCount "75"]
[EventDate "2008.05.01"]

1. e4 d6 2. d4 Nf6 3. Nc3 g6 4. Bg5 Bg7 5. f4 c6 6. Qd2 O-O 7. Nf3 Nbd7 8. Bd3
a6 9. O-O-O b5 10. e5 dxe5 11. fxe5 Nd5 12. Nxd5 cxd5 13. Bh6 Nb6 14. h4 f6 15.
Bxg7 Kxg7 16. h5 g5 17. h6+ Kh8 18. Rdf1 Nc4 19. Bxc4 bxc4 20. Rf2 Bg4 21. Rhf1
Bxf3 22. Rxf3 Kg8 23. Rf5 Kh8 24. exf6 exf6 25. Qf2 Kg8 26. Rxf6 Qxf6 27. Qxf6
Rxf6 28. Rxf6 Re8 29. Rf5 Re4 30. Rxg5+ Kf8 31. Rxd5 Re6 32. Rf5+ Kg8 33. Rg5+
Kf8 34. Kd2 Rxh6 35. Kc3 Rc6 36. g4 Kf7 37. Re5 Rg6 38. g5 1-0

[Event "V Memorial Alvise Zichichi"]
[Site "Ladispoli ITA"]
[Date "2008.05.02"]
[Round "4"]
[White "Bruno, Antonino"]
[Black "Taloni, Silvio"]
[Result "1/2-1/2"]
[WhiteElo "1551"]
[BlackElo "1781"]
[PlyCount "30"]
[EventDate "2008.05.01"]

1. e4 d6 2. d4 g6 3. Nf3 Bg7 4. Be2 Nd7 5. Be3 e6 6. Nc3 Ne7 7. Qd2 h6 8. h3 a6
9. Nh2 b6 10. O-O Bb7 11. f4 Nf6 12. Bf3 Qd7 13. e5 Nfd5 14. Nxd5 Bxd5 15. Bxd5
Nxd5 1/2-1/2

[Event "V Memorial Alvise Zichichi"]
[Site "Ladispoli ITA"]
[Date "2008.05.02"]
[Round "4"]
[White "Colantonio, Marco"]
[Black "Migliozzi, Giuseppe"]
[Result "0-1"]
[WhiteElo "1731"]
[BlackElo "1407"]
[PlyCount "76"]
[EventDate "2008.05.01"]

1. e4 d5 2. exd5 Qxd5 3. Nc3 Qa5 4. d4 Nf6 5. Bd2 c6 6. Nf3 Bf5 7. Bc4 e6 8. a3
Nbd7 9. O-O Qc7 10. Ne2 Bg4 11. Ng3 Bd6 12. Bb4 Bxg3 13. fxg3 O-O-O 14. Qe1
Rhe8 15. Ne5 Nxe5 16. dxe5 Nd5 17. Ba5 b6 18. Ba6+ Kb8 19. Bb4 Nxb4 20. axb4
Rd5 21. Rf4 Bf5 22. Be2 Rxe5 23. Qf2 g5 24. Rc4 Rd8 25. Bf3 Rd6 26. g4 Bg6 27.
g3 f5 28. Qg2 Be8 29. gxf5 exf5 30. Rc3 b5 31. Rca3 Qb6+ 32. Kf1 Re7 33. Ra6
Qd4 34. Be2 Rde6 35. Bd3 Qxb4 36. c3 Qc5 37. Qd2 Qd5 38. R1a3 Qh1+ 0-1

[Event "V Memorial Alvise Zichichi"]
[Site "Ladispoli ITA"]
[Date "2008.05.02"]
[Round "4"]
[White "Gasperoni, Claudio"]
[Black "Piscitelli, Vito"]
[Result "0-1"]
[WhiteElo "1845"]
[BlackElo "1967"]
[PlyCount "54"]
[EventDate "2008.05.01"]

1. d4 Nf6 2. Nf3 g6 3. c4 Bg7 4. Nc3 O-O 5. e4 d6 6. Be2 e5 7. d5 a5 8. Bg5 h6
9. Bh4 Na6 10. Nd2 Bd7 11. Rb1 Qe8 12. f3 Nh7 13. b3 h5 14. a3 Bh6 15. Bf2 Nc5
16. Qc2 Qe7 17. b4 axb4 18. axb4 Na4 19. Nb5 Qg5 20. g3 h4 21. g4 Kh8 22. c5
Rfc8 23. Nf1 Qf6 24. Ne3 Ng5 25. Ra1 Nxf3+ 26. Kd1 Bxb5 27. Bxb5 Nd4 0-1

[Event "V Memorial Alvise Zichichi"]
[Site "Ladispoli ITA"]
[Date "2008.05.02"]
[Round "4"]
[White "Iacoacci, Giancarlo"]
[Black "Melega, Michele"]
[Result "1-0"]
[WhiteElo "1767"]
[BlackElo "1428"]
[PlyCount "85"]
[EventDate "2008.05.01"]

1. d4 Nf6 2. Nf3 e6 3. Bf4 d6 4. e3 Be7 5. Bd3 Nc6 6. c3 Nh5 7. Nbd2 Nxf4 8.
exf4 f5 9. O-O O-O 10. Re1 Bf6 11. a3 a6 12. b4 b5 13. Qb3 d5 14. Ne5 Bxe5 15.
fxe5 Bd7 16. Qd1 Be8 17. Re3 Bg6 18. Rh3 Qe8 19. f4 Ne7 20. Nb3 Qc6 21. Nc5 Rf7
22. a4 Rff8 23. Re3 Bf7 24. Re1 Qe8 25. axb5 axb5 26. Rxa8 Qxa8 27. Bxb5 c6 28.
Bd3 Ng6 29. Qd2 Nh4 30. Qf2 Ng6 31. Qd2 Nh4 32. Be2 Ng6 33. g3 Qa7 34. Qb2 Ra8
35. Rb1 Ne7 36. c4 Qa2 37. b5 dxc4 38. b6 Qxb2 39. Rxb2 c3 40. b7 Rb8 41. Rc2
Nd5 42. Bc4 Kf8 43. Nd7+ 1-0

[Event "V Memorial Alvise Zichichi"]
[Site "Ladispoli ITA"]
[Date "2008.05.02"]
[Round "4"]
[White "Leonardo, Corrado"]
[Black "Masciolini, Giovanni"]
[Result "1-0"]
[WhiteElo "1404"]
[BlackElo "1685"]
[PlyCount "65"]
[EventDate "2008.05.01"]

1. d4 d6 2. c4 e5 3. e3 exd4 4. exd4 Nf6 5. Nf3 Be7 6. Bd3 Bg4 7. Nbd2 O-O 8.
O-O Nc6 9. Qc2 Nb4 10. Qb3 Nxd3 11. Qxd3 Qd7 12. h3 Bf5 13. Qc3 b6 14. Nb3 d5
15. c5 Ne4 16. Qe3 bxc5 17. Nxc5 Nxc5 18. dxc5 Bf6 19. Qa3 c6 20. Bg5 Bxg5 21.
Nxg5 Rfe8 22. Nf3 Rab8 23. Rfe1 h6 24. Ne5 Qc7 25. Nf3 Be4 26. Nd4 Qd7 27. b3
Kh7 28. f3 g5 29. fxe4 dxe4 30. Nc2 g4 31. Rad1 Qf5 32. Rf1 Qg6 33. Qxa7 1-0

[Event "V Memorial Alvise Zichichi"]
[Site "Ladispoli ITA"]
[Date "2008.05.02"]
[Round "4"]
[White "Leonetti, Pietro"]
[Black "Carnicelli, Valerio"]
[Result "0-1"]
[WhiteElo "1575"]
[BlackElo "1521"]
[PlyCount "44"]
[EventDate "2008.05.01"]

1. e4 e5 2. Nf3 Nc6 3. Bc4 Bc5 4. O-O Nf6 5. d3 d6 6. Nbd2 Bg4 7. h3 Bh5 8. c3
Qd7 9. b4 Bb6 10. a4 a5 11. b5 Ne7 12. Bb2 O-O 13. g4 Bxg4 14. hxg4 Qxg4+ 15.
Kh1 Qh3+ 16. Nh2 Ng6 17. Qf3 Qh6 18. Rad1 c6 19. Bc1 Nf4 20. Nb3 N6h5 21. Ng4
Ng3+ 22. Kg1 Nge2+ 0-1

[Event "V Memorial Alvise Zichichi"]
[Site "Ladispoli ITA"]
[Date "2008.05.02"]
[Round "4"]
[White "Maddaloni, Giovanni"]
[Black "Lattanzi, Domenico"]
[Result "0-1"]
[WhiteElo "1809"]
[BlackElo "1740"]
[PlyCount "126"]
[EventDate "2008.05.01"]

1. e4 c5 2. c3 d5 3. exd5 Qxd5 4. Nf3 Bf5 5. d4 Bxb1 6. Qa4+ Nc6 7. Bc4 Qe4+ 8.
Be3 Bc2 9. Qb5 O-O-O 10. O-O e6 11. Rfe1 Qg6 12. dxc5 Be4 13. Be2 Bd3 14. Bxd3
Qxd3 15. c4 Nf6 16. a4 a6 17. Qb6 Nd7 18. Qxd8+ Kxd8 19. Red1 Qf5 20. b4 Nce5
21. Nxe5 Qxe5 22. Ra2 Ke7 23. Rad2 Nf6 24. c6 Qc7 25. a5 Qxc6 26. Bc5+ Qxc5 27.
bxc5 Ne4 28. Rd7+ Kf6 29. Rd8 g6 30. R1d7 Bg7 31. Rxh8 Bxh8 32. Rxb7 Nxc5 33.
Rb8 Bg7 34. Kf1 Ke5 35. Ra8 Bh6 36. Ke2 Kd4 37. Rh8 Bf4 38. Rxh7 f5 39. h4 Kxc4
40. Rg7 Kb5 41. Rxg6 Kxa5 42. h5 Kb4 43. h6 Be5 44. h7 a5 45. f4 Bd4 46. Rg8 a4
47. Rb8+ Kc3 48. Rb5 Kc4 49. Ra5 Kb4 50. Ra8 a3 51. Rb8+ Ka4 52. Ra8+ Kb3 53.
Rb8+ Ka2 54. Rb5 Nb3 55. Re5 Bxe5 56. fxe5 Kb2 57. h8=Q a2 58. g4 a1=Q 59. gxf5
Qa6+ 60. Ke3 Qb6+ 61. Ke4 Nd2+ 62. Kd3 Nf3 63. Ke2 Nd4+ 0-1

[Event "V Memorial Alvise Zichichi"]
[Site "Ladispoli ITA"]
[Date "2008.05.02"]
[Round "4"]
[White "Maggi, Luigi"]
[Black "Maggi, Fabrizio"]
[Result "1/2-1/2"]
[WhiteElo "1874"]
[BlackElo "2003"]
[PlyCount "21"]
[EventDate "2008.05.01"]

1. e4 c5 2. Nf3 e6 3. d3 Nc6 4. g3 d6 5. Nbd2 Nf6 6. Bg2 Be7 7. O-O O-O 8. c3
Rb8 9. Re1 Nd7 10. Nf1 b6 11. h4 1/2-1/2

[Event "V Memorial Alvise Zichichi"]
[Site "Ladispoli ITA"]
[Date "2008.05.02"]
[Round "4"]
[White "Mecali, Antonello"]
[Black "Mariani, Francesca"]
[Result "1-0"]
[WhiteElo "1858"]
[BlackElo "1266"]
[PlyCount "41"]
[EventDate "2008.05.01"]

1. c4 Nf6 2. Nc3 g6 3. Nf3 Bg7 4. g3 O-O 5. Bg2 d6 6. O-O a5 7. d3 e5 8. Bg5 h6
9. Bd2 Re8 10. Qc1 g5 11. h4 g4 12. Nh2 Kh7 13. f3 Qe7 14. fxg4 Nxg4 15. Nxg4
Bxg4 16. Bxb7 Ra7 17. Be4+ Kh8 18. Bxh6 Qe6 19. Bxg7+ Kxg7 20. Qg5+ Kf8 21. Bd5
1-0

[Event "V Memorial Alvise Zichichi"]
[Site "Ladispoli ITA"]
[Date "2008.05.02"]
[Round "4"]
[White "Musmarra, Giovanni"]
[Black "Dicorato, Michele"]
[Result "1/2-1/2"]
[WhiteElo "1744"]
[BlackElo "1398"]
[PlyCount "33"]
[EventDate "2008.05.01"]

1. e4 e5 2. Nf3 Nc6 3. Bc4 Nf6 4. Ng5 d5 5. exd5 Nxd5 6. d3 h6 7. Nxf7 Kxf7 8.
Qf3+ Ke6 9. Nc3 Nce7 10. Qe4 c6 11. f4 Kd7 12. Qxe5 Qc7 13. Qd4 Qd6 14. O-O
Nxc3 15. Qxc3 Nd5 16. Qe1 Be7 17. f5 1/2-1/2

[Event "V Memorial Alvise Zichichi"]
[Site "Ladispoli ITA"]
[Date "2008.05.02"]
[Round "4"]
[White "Palermo, Stefano"]
[Black "Mari, Tommaso"]
[Result "1-0"]
[WhiteElo "2079"]
[BlackElo "1828"]
[PlyCount "35"]
[EventDate "2008.05.01"]

1. e4 e5 2. Nf3 Nc6 3. Bc4 Nf6 4. d3 Be7 5. Nc3 d6 6. h3 a6 7. a4 Bd7 8. O-O h6
9. Be3 O-O 10. Qd2 Nh7 11. Nd5 Kh8 12. Nh2 f5 13. f4 exf4 14. Nxf4 Ne5 15. Be6
Rf6 16. exf5 Ng5 17. d4 Nc4 18. Bxc4 1-0

[Event "V Memorial Alvise Zichichi"]
[Site "Ladispoli ITA"]
[Date "2008.05.02"]
[Round "4"]
[White "Parrini, Daniele"]
[Black "Caprio, Guido"]
[Result "0-1"]
[WhiteElo "2054"]
[BlackElo "2140"]
[PlyCount "60"]
[EventDate "2008.05.01"]

1. e4 c5 2. Nf3 d6 3. d4 cxd4 4. Nxd4 Nf6 5. Nc3 g6 6. Be3 Bg7 7. f3 Nc6 8. Qd2
O-O 9. O-O-O d5 10. exd5 Nxd5 11. Nxc6 bxc6 12. Bd4 e5 13. Bc5 Be6 14. Ne4 Rb8
15. Bc4 f5 16. Ng5 e4 17. Nxe6 Bxb2+ 18. Kb1 Nc3+ 19. Qxc3 Bxc3+ 20. Bb3 Qa5
21. Bxf8 Rxf8 22. Nxf8+ Kxf8 23. a4 Be5 24. fxe4 Qc3 25. Kc1 fxe4 26. Rhf1+ Kg7
27. Rd7+ Kh6 28. Rff7 Qe3+ 29. Kb1 Qc3 30. Kc1 e3 0-1

[Event "V Memorial Alvise Zichichi"]
[Site "Ladispoli ITA"]
[Date "2008.05.02"]
[Round "4"]
[White "Proia, Gaetano"]
[Black "Elia, Alessio"]
[Result "0-1"]
[WhiteElo "2026"]
[BlackElo "1860"]
[PlyCount "77"]
[EventDate "2008.05.01"]

1. e4 d6 2. d4 Nf6 3. Nc3 g6 4. f4 Bg7 5. Nf3 O-O 6. h3 c6 7. Be3 b5 8. Bd3
Nbd7 9. Qd2 Nb6 10. O-O-O a6 11. g4 Be6 12. f5 Bc4 13. Bh6 Bxd3 14. cxd3 Rc8
15. e5 dxe5 16. dxe5 Nfd5 17. Ne4 c5 18. Bxg7 Kxg7 19. Nfg5 c4 20. e6 Qc7 21.
Kb1 c3 22. Nxc3 Nxc3+ 23. bxc3 Qxc3 24. Qxc3+ Rxc3 25. exf7 Rfc8 26. fxg6 Kxg6
27. h4 h6 28. Ne4 R3c6 29. Rhf1 Rf8 30. g5 hxg5 31. Nxg5 Nd5 32. Rde1 Nc3+ 33.
Ka1 Rf6 34. Rg1 Kh6 35. Kb2 Nd5 36. Re5 Rd6 37. Ne4 Rdd8 38. Re6+ Kh7 39. Re5
0-1

[Event "V Memorial Alvise Zichichi"]
[Site "Ladispoli ITA"]
[Date "2008.05.02"]
[Round "4"]
[White "Quimi, Marco"]
[Black "Marta, Daniele"]
[Result "1-0"]
[WhiteElo "2253"]
[BlackElo "2028"]
[PlyCount "127"]
[EventDate "2008.05.01"]

1. d4 Nf6 2. Nf3 e6 3. Bf4 c5 4. e3 Qb6 5. Qc1 Nc6 6. c3 Be7 7. Nbd2 d5 8. Bd3
Bd7 9. h3 Rc8 10. O-O cxd4 11. exd4 Nb4 12. Be2 O-O 13. Qb1 Na6 14. a4 Bd6 15.
Ne5 Qc7 16. Bd3 Kh8 17. Ndf3 Be8 18. Bd2 Nc5 19. dxc5 Bxe5 20. Re1 Bf4 21. Bxf4
Qxf4 22. b4 h6 23. a5 a6 24. Qc1 Qxc1 25. Raxc1 Rc7 26. Re2 Bd7 27. Ne5 Bc8 28.
f4 Nd7 29. Nf3 Re8 30. Rce1 Nxc5 31. bxc5 Rxc5 32. Ne5 Kg8 33. Rc2 Rxa5 34. c4
Rc5 35. Rec1 f6 36. Bg6 Rd8 37. Nf7 Rf8 38. cxd5 Rxc2 39. Rxc2 exd5 40. Nd6 Be6
41. Nxb7 Bf7 42. f5 Bxg6 43. fxg6 f5 44. Kf2 Rf6 45. Rc8+ Rf8 46. Rc5 Rf6 47.
Rxd5 Rxg6 48. Rxf5 Rf6 49. Rxf6 gxf6 50. Kf3 Kg7 51. Kf4 Kg6 52. Na5 Kf7 53.
Kf5 Kg7 54. g4 Kf7 55. Nc6 Kg7 56. Na5 Kf7 57. Nc4 Kg7 58. h4 Kf7 59. Nd6+ Ke7
60. Ne4 a5 61. Nxf6 Kd6 62. Ne4+ Kd5 63. g5 hxg5 64. hxg5 1-0

[Event "V Memorial Alvise Zichichi"]
[Site "Ladispoli ITA"]
[Date "2008.05.02"]
[Round "4"]
[White "Sarti, Emanuele"]
[Black "Attanasi, Salvatore"]
[Result "0-1"]
[WhiteElo "1419"]
[BlackElo "1802"]
[PlyCount "76"]
[EventDate "2008.05.01"]

1. e4 e6 2. d4 d5 3. e5 c5 4. Nf3 Nc6 5. Bb5 Bd7 6. Bxc6 Bxc6 7. O-O cxd4 8.
Qxd4 Ne7 9. b3 Ng6 10. Nbd2 Be7 11. Qg4 O-O 12. Rd1 Qc7 13. Bb2 b5 14. Rac1 Qb7
15. Nd4 Bd7 16. N2f3 Rfc8 17. c3 a5 18. Nc2 a4 19. b4 Rc4 20. Rd4 Rac8 21. Ne3
R4c7 22. Qg3 f6 23. Ng4 fxe5 24. Ngxe5 Bd6 25. Re1 Rf8 26. Qh3 Nxe5 27. Nxe5
Bxe5 28. Rxe5 Bc8 29. a3 Rcf7 30. f3 Qc7 31. Qg3 Rf6 32. Rg4 R8f7 33. f4 Qxe5
34. Rxg7+ Rxg7 35. Qxg7+ Kxg7 36. fxe5 Rf4 37. Bc1 Re4 38. Bg5 Rxe5 0-1

[Event "V Memorial Alvise Zichichi"]
[Site "Ladispoli ITA"]
[Date "2008.05.02"]
[Round "4"]
[White "Urzi', Silvio"]
[Black "Galdelli, Fabiano"]
[Result "1-0"]
[WhiteElo "1788"]
[BlackElo "1978"]
[PlyCount "39"]
[EventDate "2008.05.01"]

1. c4 e5 2. e3 Nf6 3. d4 exd4 4. exd4 Bb4+ 5. Nc3 d5 6. Nf3 O-O 7. Be2 Ne4 8.
Qc2 Bf5 9. Bd3 Re8 10. O-O dxc4 11. Bxe4 Rxe4 12. Nxe4 Qd5 13. Qa4 Bxe4 14.
Qxb4 Bxf3 15. gxf3 Qxf3 16. Qc3 Qd5 17. b3 cxb3 18. Qxb3 Qc6 19. d5 Qg6+ 20.
Qg3 1-0

[Event "V Memorial Alvise Zichichi"]
[Site "Ladispoli ITA"]
[Date "2008.05.02"]
[Round "4"]
[White "Vuelban, Virgilio"]
[Black "Dragojlovic, Andjelko"]
[Result "1-0"]
[WhiteElo "2270"]
[BlackElo "2409"]
[PlyCount "60"]
[EventDate "2008.05.01"]

1. e4 c5 2. Nf3 Nc6 3. d4 cxd4 4. Nxd4 g6 5. c4 Bg7 6. Be3 Nf6 7. Nc3 Ng4 8.
Qxg4 Nxd4 9. Qd1 Ne6 10. Qd2 Qa5 11. Rc1 g5 12. Bd3 b6 13. O-O Bb7 14. Rfd1 h5
15. a3 d6 16. c5 bxc5 17. Bb5+ Kf8 18. Bc4 Bxc3 19. Rxc3 Bxe4 20. Bxe6 fxe6 21.
b4 cxb4 22. axb4 Qd5 23. Qc1 Qf5 24. Bxg5 h4 25. f3 Bd5 26. Rd4 e5 27. Rxd5 Rh5
28. Be3 h3 29. g4 Qe6 30. Qd1 Rh8 1-0

[Event "V Memorial Alvise Zichichi"]
[Site "Ladispoli ITA"]
[Date "2008.05.03"]
[Round "5"]
[White "Attanasi, Salvatore"]
[Black "Proia, Gaetano"]
[Result "1/2-1/2"]
[WhiteElo "1802"]
[BlackElo "2026"]
[PlyCount "62"]
[EventDate "2008.05.01"]

1. e4 e5 2. d4 exd4 3. Qxd4 Nc6 4. Qe3 Bb4+ 5. Nc3 Nf6 6. Bd2 O-O 7. O-O-O Re8
8. Bc4 Ne5 9. Bb3 d6 10. f3 Be6 11. Bxe6 fxe6 12. Nge2 Bc5 13. Qg5 Nc4 14. Na4
Nxd2 15. Nxc5 Nc4 16. Nd3 Qd7 17. Nc3 c6 18. e5 Nd5 19. Ne4 Kh8 20. exd6 h6 21.
Qg3 Qd8 22. Ne5 Nxe5 23. Qxe5 Qa5 24. Nc3 b5 25. Nxd5 exd5 26. Qc3 Qxa2 27. d7
Re2 28. b3 Qa3+ 29. Kb1 Qd6 30. Qd3 Re7 31. Rde1 Qxd7 1/2-1/2

[Event "V Memorial Alvise Zichichi"]
[Site "Ladispoli ITA"]
[Date "2008.05.03"]
[Round "5"]
[White "Caprio, Guido"]
[Black "Vuelban, Virgilio"]
[Result "1/2-1/2"]
[WhiteElo "2140"]
[BlackElo "2270"]
[PlyCount "42"]
[EventDate "2008.05.01"]

1. e4 c5 2. Nf3 d6 3. d4 cxd4 4. Nxd4 Nf6 5. Nc3 Nc6 6. Bc4 e6 7. Be3 a6 8. Qe2
Qc7 9. O-O-O Ne5 10. Bd3 b5 11. a3 Bb7 12. g4 d5 13. Bxb5+ axb5 14. Ndxb5 Qc4
15. Qxc4 Nxc4 16. Nc7+ Kd7 17. Nxa8 Nxe3 18. fxe3 Bc5 19. Rhe1 Bxa8 20. g5 Ng4
21. exd5 Nxh2 1/2-1/2

[Event "V Memorial Alvise Zichichi"]
[Site "Ladispoli ITA"]
[Date "2008.05.03"]
[Round "5"]
[White "Elia, Alessio"]
[Black "Parrini, Daniele"]
[Result "0-1"]
[WhiteElo "1860"]
[BlackElo "2054"]
[PlyCount "78"]
[EventDate "2008.05.01"]

1. d4 Nf6 2. Nf3 g6 3. Bg5 Bg7 4. c3 O-O 5. Nbd2 d6 6. e4 c5 7. Be2 cxd4 8.
cxd4 Nc6 9. O-O h6 10. Bh4 g5 11. d5 Nb8 12. Bg3 Nh5 13. Rb1 Nd7 14. Nd4 Nxg3
15. hxg3 Bxd4 16. Nf3 Bf6 17. Kh2 Qb6 18. Nd2 Ne5 19. f4 Ng6 20. Nc4 Qd4 21.
Qc2 Bd7 22. Rfd1 Qc5 23. Qd2 Rac8 24. Rbc1 Qf2 25. f5 Ne5 26. Rf1 Nxc4 27. Rxc4
Qb6 28. Rb4 Qc7 29. Rh1 Kg7 30. Rc4 Qb8 31. Rb4 Rc7 32. Kg1 Qc8 33. Bd1 Rc4 34.
Rb3 Rxe4 35. Rh5 Bxf5 36. Bf3 Rd4 37. Qe2 Bg6 38. Rh3 g4 39. Qe3 gxh3 0-1

[Event "V Memorial Alvise Zichichi"]
[Site "Ladispoli ITA"]
[Date "2008.05.03"]
[Round "5"]
[White "Galdelli, Fabiano"]
[Black "Maddaloni, Giovanni"]
[Result "1-0"]
[WhiteElo "1978"]
[BlackElo "1809"]
[PlyCount "87"]
[EventDate "2008.05.01"]

1. e4 c5 2. c4 Nc6 3. Nc3 g6 4. Nf3 Bg7 5. d3 d6 6. h3 Nf6 7. Be3 O-O 8. g3 b6
9. Bg2 Bb7 10. Rb1 a6 11. O-O Qc7 12. Bg5 Rad8 13. Qd2 e6 14. Bh6 d5 15. Bxg7
Kxg7 16. exd5 exd5 17. Qg5 d4 18. Nh4 Ne7 19. Rfe1 Neg8 20. Ne4 Nxe4 21. Bxe4
Bxe4 22. Rxe4 f5 23. Re6 Rd6 24. Rbe1 Rxe6 25. Rxe6 Rf6 26. Rxf6 Nxf6 27. Nxf5+
Kf7 28. Nh6+ Kg7 29. Ng4 Nxg4 30. Qxg4 Qe5 31. Kf1 Qe7 32. h4 h5 33. Qe2 Qxe2+
34. Kxe2 Kf6 35. Kf3 Kf5 36. a4 g5 37. hxg5 Kxg5 38. Kg2 Kg4 39. f3+ Kf5 40.
Kh3 Kg5 41. f4+ Kg6 42. Kh4 a5 43. b3 Kh6 44. f5 1-0